Možnosti využitia energetického potenciálu rieky použitím hydrokinetickej turbíny

Enregistré dans:
Détails bibliographiques
Auteur principal: Pokorná, Petra (Auteur)
Autres auteurs: Vach, Matej (Directeur de thèse)
Format: Manuscrit Livre
Langue:slovaque
Publié: 2023
Sujets:
Accès en ligne:http://is.stuba.sk/zp/portal_zp.pl?podrobnosti=178831
Tags: Ajouter un tag
Pas de tags, Soyez le premier à ajouter un tag!

MARC

LEADER 00000ntm a22000003a 4500
001 stuzp93954
003 SK-STU
005 20231218122611.8
007 ta
008 150427s2015----xo-----f-mn---000-0-slo-d
040 |a STU  |b slo 
041 0 |a slo 
100 1 |a Pokorná, Petra  |u 020060  |4 aut  |U SjF Strojnícka fakulta  |T SjF Ústav energetických strojov a zariadení  |X 104908  |U J0060  |Y 805  |7 104908 
242 0 1 |a Utilization of river energy potential by using a hydrokinetic turbine  |y eng 
245 1 0 |a Možnosti využitia energetického potenciálu rieky použitím hydrokinetickej turbíny 
260 |c 2023 
650 4 |a hydrokinetická energia  |2 slo 
650 4 |a hydroenergetický potenciál  |2 slo 
650 4 |a axiálna turbína  |2 slo 
650 4 |a BEM teória  |2 slo 
650 4 |a hydrodynamický profil  |2 slo 
650 4 |a BEM theory  |2 eng 
650 4 |a hydrofoil  |2 eng 
650 4 |a hydrokinetic turbine  |2 eng 
650 4 |a hydropower potential  |2 eng 
650 4 |a axial turbine  |2 eng 
700 1 |a Vach, Matej  |u 020060  |k Z1  |4 ths  |U SjF Strojnícka fakulta  |T SjF Ústav energetických strojov a zariadení  |X 63342  |U J0060  |Y 805  |7 63342 
856 4 |u http://is.stuba.sk/zp/portal_zp.pl?podrobnosti=178831 
996 |b 284J047328  |c J* 3548/DBP  |l JJSK  |s A  |a 24  |w stuzp93954_0001